000 00215nam a22000977a 4500
082 _a823
_bBLY/P
100 _aBLYTON, ENID
245 _aTHE PUT-EM-RIGHTS
246 _aTHE PUT-EM-RIGHTS
_bTHE PUT-EM-RIGHTS
942 _cBK
999 _c8361
_d8361